[Event "EOBCC 2020"]
[Site "Online"]
[Date "2020.12.18"]
[Round "7.36"]
[White "Subelj, Jan"]
[Black "Kobalia, Mikhail"]
[Result "0-1"]
[WhiteElo "2403"]
[BlackElo "2590"]
[Annotator "ChessBase"]
[PlyCount "60"]
[EventDate "2020.12.18"]
[EventType "tourn"]
[EventCountry "NET"]
[SourceTitle "playchess.com"]
[Source "ChessBase"]
[SourceQuality "1"]

1. e4 c5 2. Nf3 e6 3. c4 Nc6 4. Nc3 Nge7 5. d4 cxd4 6. Nxd4 Nxd4 7. Qxd4 Nc6 8. Qe3 b6 9. b3 Bc5 10. Qd2 O-O 11. Bb2 e5 12. Be2 d6 13. Rd1 Nd4 14. Nb5 Nxe2 15. Qxe2 Qh4 16. h3 f5 17. Nxd6 Bb4+ 18. Kf1 fxe4 19. a3 e3 20. f3 Bd2 21. Ne4 Bb7 22. Nxd2 exd2 23. Qxe5 Qh6 24. Rxd2 Rae8 25. Qc3 Rf7 26. Re2 Rd8 27. Kf2 Qh4+ 28. g3 Qh5 29. Re3 Bxf3 30. Rhe1 Bc6+ 0-1

[Event "EOBCC 2020"]
[Site "Online"]
[Date "2020.12.18"]
[Round "7.37"]
[White "Bogner, Sebastian"]
[Black "Ahmadzada, Ahmad"]
[Result "1-0"]
[WhiteElo "2577"]
[BlackElo "2431"]
[Annotator "ChessBase"]
[PlyCount "83"]
[EventDate "2020.12.18"]
[EventType "tourn"]
[EventCountry "NET"]
[SourceTitle "playchess.com"]
[Source "ChessBase"]
[SourceQuality "1"]

1. e4 e5 2. f4 Bc5 3. Nf3 d6 4. c3 Nf6 5. d4 exd4 6. cxd4 Bb4+ 7. Bd2 Bxd2+ 8. Nbxd2 O-O 9. Bd3 c5 10. d5 Bg4 11. O-O Nbd7 12. a4 Re8 13. h3 Bxf3 14. Qxf3 a6 15. a5 b5 16. axb6 Nxb6 17. Bxa6 c4 18. Bb5 Rxa1 19. Rxa1 Re7 20. Bc6 g6 21. Kh1 Nfd7 22. e5 dxe5 23. f5 Nc5 24. Nxc4 Nxc4 25. Ra8 Qxa8 26. Bxa8 e4 27. Qe2 Nd3 28. f6 Re5 29. b3 Nd6 30. Qe3 h5 31. g4 Kh7 32. Bc6 hxg4 33. hxg4 g5 34. Qh3+ Kg6 35. Qh8 Nf5 36. gxf5+ Kxf5 37. d6 e3 38. Qh3+ g4 39. Qh7+ Kxf6 40. d7 Ke7 41. Qxd3 Kd8 42. Qd4 1-0

[Event "EOBCC 2020"]
[Site "Online"]
[Date "2020.12.18"]
[Round "7.38"]
[White "Asadli, Vugar"]
[Black "Efimov, Igor"]
[Result "0-1"]
[WhiteElo "2572"]
[BlackElo "2416"]
[Annotator "ChessBase"]
[PlyCount "76"]
[EventDate "2020.12.18"]
[EventType "tourn"]
[EventCountry "NET"]
[SourceTitle "playchess.com"]
[Source "ChessBase"]
[SourceQuality "1"]

1. e4 c5 2. Nc3 a6 3. g3 b5 4. Bg2 Bb7 5. Nge2 e6 6. d4 cxd4 7. Nxd4 Nf6 8. O-O b4 9. Na4 Bxe4 10. Bxe4 Nxe4 11. Re1 d5 12. c4 bxc3 13. Nxc3 Nxc3 14. Qh5 Ne4 15. Nxe6 Qd7 16. Nc7+ Qxc7 17. Qxd5 Nc6 18. Rxe4+ Be7 19. Rxe7+ Nxe7 20. Qxa8+ Qc8 21. Qa7 Nc6 22. Qc5 Ne7 23. Qa3 f6 24. Be3 Kf7 25. Rc1 Qe6 26. Rc7 Rc8 27. Rxc8 Qxc8 28. Bc5 Nc6 29. Qb3+ Kg6 30. Qd3+ Kf7 31. Qxh7 Ne5 32. b4 Qc6 33. Qh5+ g6 34. Qh7+ Ke6 35. Qg8+ Kf5 36. Qb3 Nf3+ 37. Kf1 Nd2+ 38. Ke2 Nxb3 0-1

[Event "EOBCC 2020"]
[Site "Online"]
[Date "2020.12.18"]
[Round "7.39"]
[White "Gavrilescu, David"]
[Black "Thybo, Jesper Sondergaard"]
[Result "1-0"]
[WhiteElo "2476"]
[BlackElo "2565"]
[Annotator "ChessBase"]
[PlyCount "75"]
[EventDate "2020.12.18"]
[EventType "tourn"]
[EventCountry "NET"]
[SourceTitle "playchess.com"]
[Source "ChessBase"]
[SourceQuality "1"]

1. e4 c5 2. Nf3 d6 3. d4 cxd4 4. Nxd4 Nf6 5. Nc3 Nc6 6. f3 e5 7. Nb3 Be7 8. Be3 Be6 9. Nd5 Bxd5 10. exd5 Nb4 11. c4 a5 12. Qd2 b6 13. Nc1 Na6 14. Ne2 e4 15. Nc3 exf3 16. gxf3 O-O 17. Bd3 Nc5 18. O-O Nfd7 19. Kh1 Bf6 20. Rg1 Ne5 21. Be2 Re8 22. Rae1 g6 23. Nb5 a4 24. f4 Ne4 25. Qc2 Nd7 26. Bf3 Ndc5 27. Bc1 Qe7 28. Re2 Bh4 29. f5 Kh8 30. fxg6 hxg6 31. Rg4 f5 32. Rxg6 Qh7 33. Rh6 Qxh6 34. Bxh6 Rg8 35. Bxe4 Nxe4 36. Rxe4 fxe4 37. Qxe4 Rae8 38. Qxh4 1-0

[Event "EOBCC 2020"]
[Site "Online"]
[Date "2020.12.18"]
[Round "7.40"]
[White "Sanal, Vahap"]
[Black "Saraci, Nderim"]
[Result "1-0"]
[WhiteElo "2557"]
[BlackElo "2415"]
[Annotator "ChessBase"]
[PlyCount "21"]
[EventDate "2020.12.18"]
[EventType "tourn"]
[EventCountry "NET"]
[SourceTitle "playchess.com"]
[Source "ChessBase"]
[SourceQuality "1"]

1. e4 c5 2. Nf3 Nc6 3. c3 d5 4. exd5 Qxd5 5. d4 e6 6. Na3 cxd4 7. Nb5 Qd8 8. Bf4 e5 9. Nxe5 Qe7 10. Qe2 a6 11. Nc7+ 1-0

[Event "EOBCC 2020"]
[Site "Online"]
[Date "2020.12.18"]
[Round "7.41"]
[White "Grigoriants, Sergey"]
[Black "Globus, Or"]
[Result "1-0"]
[WhiteElo "2546"]
[BlackElo "2399"]
[Annotator "ChessBase"]
[PlyCount "123"]
[EventDate "2020.12.18"]
[EventType "tourn"]
[EventCountry "NET"]
[SourceTitle "playchess.com"]
[Source "ChessBase"]
[SourceQuality "1"]

1. e4 e5 2. Nf3 Nc6 3. Bb5 a6 4. Ba4 Nf6 5. O-O b5 6. Bb3 Bc5 7. Nc3 d6 8. a4 b4 9. Nd5 Na5 10. Ba2 Nxd5 11. Bxd5 c6 12. Ba2 Qf6 13. d3 Bg4 14. Be3 Rb8 15. Bc4 Nxc4 16. dxc4 O-O 17. h3 Bh5 18. Qe2 Bxf3 19. Qxf3 Qxf3 20. gxf3 Bxe3 21. fxe3 Rfd8 22. Rad1 Rb7 23. Rd3 Rbd7 24. a5 Kf8 25. Rfd1 Ke7 26. Kf2 Ke6 27. f4 f5 28. exf5+ Kxf5 29. Rb3 exf4 30. exf4 Kxf4 31. Rxb4 Ke5 32. Rb6 Rf8+ 33. Kg2 Rdf7 34. Rd2 Rf6 35. Rxc6 Rg6+ 36. Kh2 Rf1 37. Rc8 Rc1 38. Re8+ Kf4 39. Rf2+ Kg5 40. Ra8 Kh4 41. Rxa6 Rgg1 42. Rxd6 Rh1+ 43. Kg2 Rhg1+ 44. Kf3 Rg3+ 45. Ke4 Re1+ 46. Kd5 Rg5+ 47. Kc6 Rxa5 48. b4 Ra6+ 49. Kc5 Re5+ 50. Rd5 Re4 51. Rf3 Ra8 52. Rd4 Rc8+ 53. Kd5 Rxd4+ 54. Kxd4 g5 55. b5 h5 56. b6 g4 57. hxg4 hxg4 58. Rf1 g3 59. c5 g2 60. Rg1 Kg3 61. b7 Rd8+ 62. Kc4 1-0

[Event "EOBCC 2020"]
[Site "Online"]
[Date "2020.12.18"]
[Round "7.42"]
[White "Sorensen, Hampus"]
[Black "Olszewski, Michal"]
[Result "1/2-1/2"]
[WhiteElo "2395"]
[BlackElo "2525"]
[Annotator "ChessBase"]
[PlyCount "134"]
[EventDate "2020.12.18"]
[EventType "tourn"]
[EventCountry "NET"]
[SourceTitle "playchess.com"]
[Source "ChessBase"]
[SourceQuality "1"]

1. d4 Nf6 2. c4 e6 3. Nf3 c5 4. d5 exd5 5. cxd5 d6 6. Nc3 g6 7. h3 Bg7 8. e4 O-O 9. Bd3 Nbd7 10. O-O a6 11. a4 Nh5 12. Bg5 Bf6 13. Bh6 Re8 14. Nd2 Bg5 15. Bxg5 Qxg5 16. Ne2 Nf4 17. Nxf4 Qxf4 18. g3 Qf6 19. Nc4 b5 20. axb5 Bb7 21. Na5 Bc8 22. Nc6 Ne5 23. Nxe5 Qxe5 24. Kg2 Qxb2 25. bxa6 c4 26. Bxc4 Rxe4 27. Bd3 Rd4 28. Qe2 Qxe2 29. Bxe2 Rxd5 30. Bf3 Be6 31. Bxd5 Bxd5+ 32. Kg1 Bc4 33. Rfd1 Rxa6 34. Rxa6 Bxa6 35. Rxd6 Bc4 36. f4 h5 37. Kf2 Kg7 38. Ke3 Bb3 39. Ke4 Bc4 40. Ke5 Bf1 41. h4 Bh3 42. Rb6 Bg4 43. Kd6 Kf6 44. Rb5 Be6 45. Re5 Bg4 46. Kc7 Be6 47. Kd8 Bg4 48. Ke8 Be6 49. Kf8 Bg4 50. Ke8 Be6 51. Kd8 Bg4 52. Kc7 Be6 53. Kd6 Bg4 54. Rc5 Be6 55. Rc6 Bg4 56. Kd5+ Be6+ 57. Ke4 Kg7 58. Ke5 Bg4 59. Rf6 Bh3 60. f5 Bxf5 61. Rxf5 gxf5 62. Kxf5 f6 63. Kf4 Kg6 64. g4 hxg4 65. Kxg4 f5+ 66. Kf4 Kh5 67. Kxf5 Kxh4 1/2-1/2

[Event "EOBCC 2020"]
[Site "Online"]
[Date "2020.12.18"]
[Round "7.43"]
[White "Gumularz, Szymon"]
[Black "Klenburg, Michael"]
[Result "1-0"]
[WhiteElo "2516"]
[BlackElo "2346"]
[Annotator "ChessBase"]
[PlyCount "55"]
[EventDate "2020.12.18"]
[EventType "tourn"]
[EventCountry "NET"]
[SourceTitle "playchess.com"]
[Source "ChessBase"]
[SourceQuality "1"]

1. e4 d6 2. d4 Nf6 3. Nc3 g6 4. Be3 c6 5. Qd2 Nbd7 6. Nf3 e5 7. h3 Bg7 8. O-O-O Qe7 9. Kb1 O-O 10. Bh6 Re8 11. Bxg7 Kxg7 12. Bd3 b5 13. Rhe1 a6 14. Ne2 h6 15. g4 Ng8 16. Ng3 Nb6 17. c3 a5 18. Rg1 Kh7 19. g5 h5 20. Nh4 b4 21. cxb4 axb4 22. Qxb4 Rb8 23. dxe5 Qxe5 24. Nf3 Qe7 25. Bc2 c5 26. Qc3 Be6 27. Nxh5 Qa7 28. Qg7# 1-0

[Event "EOBCC 2020"]
[Site "Online"]
[Date "2020.12.18"]
[Round "7.44"]
[White "Khanin, Semen"]
[Black "Aliyev, Ravan"]
[Result "1-0"]
[WhiteElo "2511"]
[BlackElo "2330"]
[Annotator "ChessBase"]
[PlyCount "103"]
[EventDate "2020.12.18"]
[EventType "tourn"]
[EventCountry "NET"]
[SourceTitle "playchess.com"]
[Source "ChessBase"]
[SourceQuality "1"]

1. e4 e5 2. Nf3 Nc6 3. Bb5 a6 4. Ba4 d6 5. O-O Bd7 6. c4 g6 7. d4 Bg7 8. dxe5 dxe5 9. Nc3 Nge7 10. Nd5 Nxd5 11. cxd5 Nd4 12. Nxd4 exd4 13. e5 b5 14. Bb3 c5 15. dxc6 Bxc6 16. e6 O-O 17. exf7+ Kh8 18. Qd3 Bd5 19. a4 bxa4 20. Rxa4 Bxb3 21. Qxb3 Qd7 22. Bd2 Rxf7 23. Qc4 Qb7 24. b4 Rc7 25. Qd3 Rc6 26. h4 Rf8 27. Ra5 Qc8 28. h5 Qg4 29. Rg5 Qh4 30. hxg6 Rxg6 31. Rxg6 hxg6 32. Qxg6 Qh7 33. Qxa6 Qc2 34. Qe2 Qf5 35. Qe7 Qg6 36. Qh4+ Kg8 37. b5 Bf6 38. Qg3 Qxg3 39. fxg3 d3 40. Kh2 Bd4 41. Rxf8+ Kxf8 42. g4 Be5+ 43. Kh3 Kf7 44. g5 Kg6 45. Kg4 Bd4 46. Kf3 Kf5 47. g4+ Ke5 48. g6 Kd5 49. Bh6 Kc4 50. g7 d2 51. g8=Q+ Kd3 52. Bxd2 1-0

[Event "EOBCC 2020"]
[Site "Online"]
[Date "2020.12.18"]
[Round "7.45"]
[White "Can, Isik"]
[Black "Grandelius, Nils"]
[Result "1-0"]
[WhiteElo "2380"]
[BlackElo "2663"]
[Annotator "TA"]
[PlyCount "79"]
[EventDate "2020.12.18"]
[EventType "tourn"]
[EventCountry "NET"]
[SourceTitle "playchess.com"]
[Source "ChessBase"]
[SourceQuality "1"]

1. e4 c6 2. d4 d5 3. Nd2 dxe4 4. Nxe4 Nf6 5. Nxf6+ exf6 6. c3 Bd6 7. Bd3 O-O 8. Qc2 h6 9. Ne2 Qc7 10. h3 Re8 11. O-O Nd7 12. Be3 Nf8 13. c4 Ne6 14. c5 Bf4 15. Rae1 Bd7 16. Bh7+ Kh8 17. Bf5 Bxe3 18. fxe3 Ng5 19. Nf4 Bxf5 20. Qxf5 Ne4 21. Qg4 Qe7 22. Rf3 g6 23. h4 f5 24. Qh3 Rad8 25. Nd3 Rd5 26. Nf4 Rdd8 27. Nd3 b6 28. Ne5 bxc5 29. Nxc6 Qd6 30. Nxd8 Rxd8 31. Rd1 Qb6 32. Qh2 Qxb2 33. h5 Qe2 34. Rdf1 Ng5 35. R3f2 Qxe3 36. hxg6 Ne4 37. Qe5+ Kg8 38. gxf7+ Kf8 39. Qh8+ Ke7 40. Qxd8+ 1-0

[Event "EOBCC 2020"]
[Site "Online"]
[Date "2020.12.18"]
[Round "7.46"]
[White "Shubin, Kirill"]
[Black "Kovalenko, Igor"]
[Result "0-1"]
[WhiteElo "2441"]
[BlackElo "2643"]
[Annotator "ChessBase"]
[PlyCount "82"]
[EventDate "2020.12.18"]
[EventType "tourn"]
[EventCountry "NET"]
[SourceTitle "playchess.com"]
[Source "ChessBase"]
[SourceQuality "1"]

1. e4 c5 2. Nf3 e6 3. g3 Nc6 4. Bg2 Nf6 5. Qe2 Qc7 6. O-O Be7 7. c3 d5 8. exd5 Nxd5 9. Rd1 Bf6 10. Na3 O-O 11. d4 cxd4 12. Nb5 Qb6 13. Nbxd4 Bd7 14. h4 h6 15. Nxc6 Bxc6 16. Ne5 Bxe5 17. Qxe5 Rad8 18. Rd4 Nf6 19. Bxh6 Rxd4 20. cxd4 Qxb2 21. Re1 Qxf2+ 22. Kxf2 Ng4+ 23. Kg1 Nxe5 24. Rxe5 gxh6 25. Bxc6 bxc6 26. Rc5 Rd8 27. Rxc6 Rxd4 28. Ra6 Rd7 29. Kf2 Kg7 30. Kf3 Kg6 31. Ke4 h5 32. Ra5 f6 33. Kf4 e5+ 34. Ke4 Rc7 35. Ra4 Rc3 36. Rxa7 Rxg3 37. a4 Rg4+ 38. Kd5 Rxh4 39. a5 Ra4 40. a6 h4 41. Ra8 h3 0-1

[Event "EOBCC 2020"]
[Site "Online"]
[Date "2020.12.18"]
[Round "7.47"]
[White "Durarbayli, Vasif"]
[Black "Kosakowski, Jakub"]
[Result "1-0"]
[WhiteElo "2606"]
[BlackElo "2431"]
[Annotator "ChessBase"]
[PlyCount "85"]
[EventDate "2020.12.18"]
[EventType "tourn"]
[EventCountry "NET"]
[SourceTitle "playchess.com"]
[Source "ChessBase"]
[SourceQuality "1"]

1. e4 c5 2. b3 b6 3. Bb2 Bb7 4. Nc3 e6 5. f4 d6 6. Nf3 Be7 7. d4 cxd4 8. Qxd4 Nf6 9. Bb5+ Nbd7 10. O-O-O O-O 11. Bxd7 Qxd7 12. e5 Ne8 13. exd6 Qxd6 14. Qe3 Qc5 15. Nd4 Nf6 16. Rhe1 Rfd8 17. g3 Rac8 18. Kb1 Nd5 19. Nxd5 Qxd5 20. f5 e5 21. Qxe5 Bf6 22. Qe2 Qc5 23. Nb5 Rxd1+ 24. Rxd1 Qxf5 25. Nd6 Qf3 26. Re1 Rf8 27. Nxb7 Qxb7 28. Bxf6 gxf6 29. Qg4+ Kh8 30. Qh4 Qc6 31. Rf1 Kg7 32. Qg4+ Kh8 33. Qd4 Kg7 34. Qg4+ Kh8 35. Qf5 Kg7 36. Rf4 Re8 37. Rg4+ Kf8 38. Qxh7 Re2 39. Rc4 Qd7 40. Kb2 Rf2 41. Qh8+ Ke7 42. Re4+ Kd6 43. Rd4+ 1-0

[Event "EOBCC 2020"]
[Site "Online"]
[Date "2020.12.18"]
[Round "7.48"]
[White "Davtyan, Artur"]
[Black "Heimann, Andreas"]
[Result "0-1"]
[WhiteElo "2466"]
[BlackElo "2606"]
[Annotator "ChessBase"]
[PlyCount "124"]
[EventDate "2020.12.18"]
[EventType "tourn"]
[EventCountry "NET"]
[SourceTitle "playchess.com"]
[Source "ChessBase"]
[SourceQuality "1"]

1. d4 Nf6 2. c4 g6 3. Nc3 d5 4. Bf4 Bg7 5. e3 O-O 6. Rc1 c5 7. dxc5 dxc4 8. Qxd8 Rxd8 9. Bxc4 Nc6 10. a3 Bf5 11. Nge2 Ne4 12. b4 a5 13. b5 Ne5 14. Bxe5 Bxe5 15. Nxe4 Bxe4 16. f3 Bd3 17. Kf2 Bb2 18. Bxd3 Rxd3 19. Rc2 Bxa3 20. Nf4 Rb3 21. Ra1 Rc8 22. c6 Bd6 23. Rxa5 b6 24. Ra7 Rxb5 25. Rb7 Rc5 26. Rxc5 bxc5 27. Nd5 e6 28. Nb6 Rxc6 29. Nc4 h5 30. f4 Kg7 31. Kf3 Bc7 32. g3 Kf8 33. Ke4 Ke8 34. Ra7 Kd8 35. Ra8+ Kd7 36. Ra7 Kc8 37. Ra8+ Kb7 38. Rf8 f5+ 39. Kd3 e5 40. fxe5 Re6 41. Rf6 Re7 42. e6 g5 43. Rxf5 h4 44. Rxc5 hxg3 45. hxg3 Bxg3 46. Rxg5 Bc7 47. Rg6 Kc6 48. Ke4 Kc5 49. Ne5 Kd6 50. Kf5 Kd5 51. Ng4 Bd6 52. e4+ Kd4 53. e5 Ba3 54. Rf6 Rh7 55. Rf7 Rh5+ 56. Kg6 Rh4 57. Kg5 Rh8 58. e7 Re8 59. Kf6 Kd5 60. e6 Kd6 61. Nh6 Bb2+ 62. Kg6 Kxe6 0-1

[Event "EOBCC 2020"]
[Site "Online"]
[Date "2020.12.18"]
[Round "7.49"]
[White "Shahinyan, David"]
[Black "Sargsyan, Shant"]
[Result "1-0"]
[WhiteElo "2452"]
[BlackElo "2596"]
[Annotator "ChessBase"]
[PlyCount "69"]
[EventDate "2020.12.18"]
[EventType "tourn"]
[EventCountry "NET"]
[SourceTitle "playchess.com"]
[Source "ChessBase"]
[SourceQuality "1"]

1. e4 e5 2. Nf3 Nc6 3. d4 exd4 4. Nxd4 Bc5 5. Nb3 Bb6 6. Nc3 Qf6 7. Qe2 Nge7 8. Be3 d6 9. O-O-O Be6 10. h3 Ng6 11. g3 O-O 12. f4 Rfe8 13. Bg2 Nb4 14. Kb1 Bxe3 15. Qxe3 a5 16. Nd4 Bd7 17. a3 Nc6 18. Nd5 Qd8 19. Nb5 Rc8 20. Qc3 Nge7 21. Ne3 Ng6 22. h4 Nf8 23. h5 h6 24. e5 dxe5 25. Bxc6 bxc6 26. Na7 exf4 27. Nf5 Qg5 28. Nxc8 Bxf5 29. gxf4 Qxf4 30. Na7 Qe4 31. Rhg1 Ne6 32. Nxc6 Ng5 33. Rde1 Nf3 34. Rxe4 Bxe4 35. Qxg7# 1-0

[Event "EOBCC 2020"]
[Site "Online"]
[Date "2020.12.18"]
[Round "7.50"]
[White "Krallis, Christos"]
[Black "Keymer, Vincent"]
[Result "0-1"]
[WhiteElo "2442"]
[BlackElo "2588"]
[Annotator "ChessBase"]
[PlyCount "86"]
[EventDate "2020.12.18"]
[EventType "tourn"]
[EventCountry "NET"]
[SourceTitle "playchess.com"]
[Source "ChessBase"]
[SourceQuality "1"]

1. d4 d5 2. c4 e6 3. Nf3 Nf6 4. g3 Bb4+ 5. Bd2 Be7 6. Bg2 O-O 7. O-O c6 8. Qc2 Nbd7 9. Rd1 b6 10. b3 Ba6 11. Bf4 Rc8 12. Nc3 dxc4 13. e4 b5 14. bxc4 bxc4 15. Ne5 Nxe5 16. dxe5 Nd7 17. Qa4 Bb7 18. Qxa7 Qc7 19. Rab1 Rb8 20. Bf1 Rfc8 21. Bxc4 Bc5 22. Qa4 Nb6 23. Qb3 Ba8 24. Bf1 Nd5 25. Qc2 Nxf4 26. gxf4 Be7 27. Ne2 g5 28. Qd2 Rd8 29. Qe3 Rxb1 30. Rxb1 c5 31. fxg5 Qxe5 32. Ng3 Bxg5 33. Qf3 Bf4 34. Rd1 Rxd1 35. Qxd1 Bxe4 36. Nxe4 Qxe4 37. Bg2 Qe5 38. Qd8+ Kg7 39. Qd1 Bxh2+ 40. Kh1 Bf4 41. a4 c4 42. Qg4+ Kf8 43. Qh4 Qe1+ 0-1

[Event "EOBCC 2020"]
[Site "Online"]
[Date "2020.12.18"]
[Round "7.51"]
[White "Hess, Max"]
[Black "Aleksandrov, Aleksej"]
[Result "0-1"]
[WhiteElo "2430"]
[BlackElo "2574"]
[Annotator "ChessBase"]
[PlyCount "190"]
[EventDate "2020.12.18"]
[EventType "tourn"]
[EventCountry "NET"]
[SourceTitle "playchess.com"]
[Source "ChessBase"]
[SourceQuality "1"]

1. e4 e5 2. Nf3 Nc6 3. Bc4 Bc5 4. c3 Nf6 5. d3 d6 6. Nbd2 O-O 7. h3 Be6 8. Bxe6 fxe6 9. b4 Bb6 10. a4 a6 11. Nc4 Ba7 12. Qe2 Nh5 13. O-O Ng3 14. Qc2 Nxf1 15. Kxf1 Qf6 16. Kg1 Qg6 17. Kh2 Qh5 18. Be3 Bxe3 19. Nxe3 Rae8 20. Qe2 Ne7 21. Ra2 Ng6 22. Ng1 Qxe2 23. Rxe2 b5 24. Nf3 Nf4 25. Rd2 bxa4 26. Ne1 Ra8 27. Ra2 a5 28. b5 Rfb8 29. c4 c6 30. bxc6 Rc8 31. g3 Ng6 32. c5 dxc5 33. Nc4 Rxc6 34. Rxa4 Rcc8 35. Kg2 Rcb8 36. Nc2 h5 37. Kf3 Kf7 38. Ke3 h4 39. Kf3 Kf6 40. N2e3 Rb4 41. Rxa5 Rxa5 42. Nxa5 Rd4 43. Ke2 Ke7 44. Nac4 Rd7 45. Ng4 Ra7 46. Ke3 Ra1 47. gxh4 Rh1 48. Ncxe5 Rxh3+ 49. f3 Nxh4 50. Kf4 Ng2+ 51. Kg5 Ne1 52. Kf4 g5+ 53. Ke3 Nc2+ 54. Kf2 Nd4 55. Kg2 Rh7 56. Nf2 Kd6 57. Nc4+ Kc6 58. Nh3 Nxf3 59. Kg3 Ne1 60. Nxg5 Rg7 61. Ne5+ Kd6 62. Kf4 Rg8 63. Ngf7+ Ke7 64. Ke3 Rg3+ 65. Kf2 Rxd3 66. Kxe1 Rd4 67. Ng5 Kf6 68. Nef3 Ra4 69. Ke2 e5 70. Nh3 Ra2+ 71. Ke3 Ra3+ 72. Ke2 Ra2+ 73. Ke3 c4 74. Nf2 Ra3+ 75. Ke2 Ra2+ 76. Ke3 Ra3+ 77. Ke2 Ke6 78. Nd1 Ra2+ 79. Ke3 Ra3+ 80. Ke2 Kd6 81. Nd2 Kc5 82. Ne3 c3 83. Nb1 Rb3 84. Kd3 Rxb1 85. Kxc3 Rb4 86. Kd3 Rb3+ 87. Kd2 Kd4 88. Nf1 Rb2+ 89. Kc1 Rf2 90. Nd2 Kd3 91. Nb3 Kxe4 92. Kd1 Ke3 93. Nc5 e4 94. Ke1 Rc2 95. Nb3 Rc3 0-1

[Event "EOBCC 2020"]
[Site "Online"]
[Date "2020.12.18"]
[Round "7.52"]
[White "Abbasov, Farid"]
[Black "Yankelevich, Lev"]
[Result "1-0"]
[WhiteElo "2528"]
[BlackElo "2416"]
[Annotator "ChessBase"]
[PlyCount "77"]
[EventDate "2020.12.18"]
[EventType "tourn"]
[EventCountry "NET"]
[SourceTitle "playchess.com"]
[Source "ChessBase"]
[SourceQuality "1"]

1. Nf3 Nf6 2. c4 g6 3. Nc3 Bg7 4. e4 d6 5. d4 O-O 6. Be2 e5 7. O-O Nc6 8. d5 Ne7 9. b4 a5 10. bxa5 Rxa5 11. a4 Nh5 12. g3 b6 13. Ne1 Nf6 14. Nd3 Bh3 15. Re1 Qd7 16. Bd2 Ng4 17. Nb5 Raa8 18. f3 Nf6 19. Nf2 h5 20. Bg5 Rac8 21. g4 hxg4 22. fxg4 Nh7 23. Bxe7 Qxe7 24. Nxh3 Qh4 25. Nf2 Ng5 26. Ra3 Bf6 27. Rf1 Kg7 28. h3 Rh8 29. Kg2 Rh7 30. Rh1 Rch8 31. Nxc7 Bd8 32. Nb5 f5 33. exf5 gxf5 34. Nxd6 Rf8 35. Nxf5+ Rxf5 36. gxf5 e4 37. Rg3 Bc7 38. Rg4 Qh5 39. h4 1-0

[Event "EOBCC 2020"]
[Site "Online"]
[Date "2020.12.18"]
[Round "7.53"]
[White "Yatzenko, Anton"]
[Black "Rustemov, Alexander"]
[Result "1-0"]
[WhiteElo "2379"]
[BlackElo "2525"]
[Annotator "ChessBase"]
[PlyCount "57"]
[EventDate "2020.12.18"]
[EventType "tourn"]
[EventCountry "NET"]
[SourceTitle "playchess.com"]
[Source "ChessBase"]
[SourceQuality "1"]

1. d4 d5 2. Nf3 Nf6 3. Bf4 c5 4. e3 cxd4 5. exd4 Nc6 6. c3 a6 7. Bd3 Bg4 8. Nbd2 Rc8 9. O-O e6 10. Re1 Bd6 11. Bxd6 Qxd6 12. Qb3 Qc7 13. Qa3 Qe7 14. Qxe7+ Kxe7 15. Ne5 Nxe5 16. Rxe5 Kd6 17. a4 Nd7 18. Rg5 Nf6 19. Rxg7 Ke7 20. h3 Bh5 21. Rg3 Bg6 22. a5 Ne8 23. Nb3 Nd6 24. Nc5 Rc7 25. Re1 Rhc8 26. b4 Rc6 27. Rge3 R8c7 28. g4 b6 29. axb6 1-0

[Event "EOBCC 2020"]
[Site "Online"]
[Date "2020.12.18"]
[Round "7.54"]
[White "Hjartarson, Johann"]
[Black "Galopoulos, Nikolaos"]
[Result "1-0"]
[WhiteElo "2525"]
[BlackElo "2360"]
[Annotator "ChessBase"]
[PlyCount "79"]
[EventDate "2020.12.18"]
[EventType "tourn"]
[EventCountry "NET"]
[SourceTitle "playchess.com"]
[Source "ChessBase"]
[SourceQuality "1"]

1. c4 c5 2. g3 Nc6 3. Bg2 g6 4. Nc3 Bg7 5. a3 e6 6. Rb1 Nge7 7. b4 d6 8. Nf3 O-O 9. O-O Qd7 10. e3 b6 11. Qe2 Bb7 12. Rd1 cxb4 13. axb4 d5 14. c5 d4 15. Ne4 Nxb4 16. Nxd4 Ba6 17. d3 Nbd5 18. Qa2 Bb7 19. Bb2 e5 20. Nf3 Nc6 21. Nd6 Ndb4 22. Qb3 bxc5 23. Nxb7 Qxb7 24. Nxe5 Bxe5 25. Bxe5 Rad8 26. Ba1 Qe7 27. Qc3 f6 28. Rbc1 Kg7 29. Qxc5 Qxc5 30. Rxc5 Rd6 31. d4 Ne7 32. Rc7 Rf7 33. Rxa7 Nbc6 34. Ra6 Rf8 35. Rc1 Rc8 36. Bb2 Nxd4 37. Rxd6 Ne2+ 38. Kf1 Nxc1 39. Rd7 Kf7 40. Ba3 1-0

[Event "EOBCC 2020"]
[Site "Online"]
[Date "2020.12.18"]
[Round "7.55"]
[White "Hollan, Martin"]
[Black "Djukic, Nikola"]
[Result "1-0"]
[WhiteElo "2346"]
[BlackElo "2521"]
[Annotator "ChessBase"]
[PlyCount "79"]
[EventDate "2020.12.18"]
[EventType "tourn"]
[EventCountry "NET"]
[SourceTitle "playchess.com"]
[Source "ChessBase"]
[SourceQuality "1"]

1. e4 c5 2. Nf3 Nc6 3. Bb5 g6 4. Bxc6 dxc6 5. h3 Bg7 6. d3 Nf6 7. Nc3 Nd7 8. Be3 e5 9. Qd2 Qe7 10. a3 Nf8 11. b4 cxb4 12. axb4 Qxb4 13. O-O a6 14. Rfb1 Qe7 15. Na4 Ne6 16. Nb6 Rb8 17. Nc4 Nd4 18. Nxd4 exd4 19. Bf4 b5 20. Bxb8 bxc4 21. Qf4 g5 22. Qg3 f5 23. exf5 Bxf5 24. Re1 Be6 25. Be5 O-O 26. Bxg7 Kxg7 27. Qe5+ Rf6 28. Qxd4 cxd3 29. cxd3 Qf7 30. Rxa6 Kg6 31. Rxc6 h6 32. Qe4+ Bf5 33. Rxf6+ Qxf6 34. Qe8+ Qf7 35. Qxf7+ Kxf7 36. d4 Be6 37. f3 Kf6 38. Kf2 Kf5 39. Ke3 Kf6 40. Ra1 1-0

[Event "EOBCC 2020"]
[Site "Online"]
[Date "2020.12.18"]
[Round "7.56"]
[White "Shchekachev, Andrei"]
[Black "Migot, Tangi"]
[Result "0-1"]
[WhiteElo "2515"]
[BlackElo "2353"]
[Annotator "ChessBase"]
[PlyCount "66"]
[EventDate "2020.12.18"]
[EventType "tourn"]
[EventCountry "NET"]
[SourceTitle "playchess.com"]
[Source "ChessBase"]
[SourceQuality "1"]

1. Nf3 d5 2. e3 Nf6 3. c4 c6 4. Qc2 e6 5. b3 Nbd7 6. Bb2 Bd6 7. d4 O-O 8. Nbd2 Qe7 9. Ne5 c5 10. Bd3 cxd4 11. exd4 Ba3 12. Bxa3 Qxa3 13. O-O h6 14. f4 b6 15. Rae1 Bb7 16. f5 exf5 17. Bxf5 Rad8 18. cxd5 Bxd5 19. Ndc4 Bxc4 20. Nxc4 Qb4 21. a3 Qb5 22. Ne3 Rc8 23. Qd1 Rc3 24. Bb1 Qxb3 25. Qf3 Re8 26. Qb7 Rcxe3 27. Rc1 Qd5 28. Qxa7 Qxd4 29. Kh1 Re2 30. Bf5 Qd5 31. Bh3 Qa8 32. Qc7 Qxa3 33. Qxb6 Nxb6 0-1

[Event "EOBCC 2020"]
[Site "Online"]
[Date "2020.12.18"]
[Round "7.58"]
[White "Garayev, Kanan"]
[Black "Kazakouski, Valery"]
[Result "1-0"]
[WhiteElo "2331"]
[BlackElo "2473"]
[Annotator "ChessBase"]
[PlyCount "75"]
[EventDate "2020.12.18"]
[EventType "tourn"]
[EventCountry "NET"]
[SourceTitle "playchess.com"]
[Source "ChessBase"]
[SourceQuality "1"]

1. d4 Nf6 2. c4 e6 3. g3 d5 4. Bg2 Bb4+ 5. Nd2 O-O 6. Qc2 c6 7. Ngf3 Ne4 8. O-O f5 9. a3 Bd6 10. b4 Nd7 11. Bb2 Nxd2 12. Nxd2 Nf6 13. e3 Ne4 14. Nxe4 fxe4 15. f3 exf3 16. Rxf3 Rxf3 17. Bxf3 Qg5 18. Bc1 Bd7 19. Bd2 Rf8 20. Bg2 h5 21. c5 Bc7 22. e4 Qg4 23. Be3 Be8 24. e5 Bg6 25. Qd1 Qf5 26. Ra2 Qd3 27. Qxd3 Bxd3 28. h4 a5 29. bxa5 Bxa5 30. Rb2 Rb8 31. Bd2 Bxd2 32. Rxd2 Bf5 33. Rb2 Kf7 34. Bf1 Kg6 35. Rb3 Ra8 36. Be2 Ra7 37. Kf2 Kh6 38. Bf3 1-0